|
|
|
|
| LEADER |
01023nam a2200289 i 4500 |
| 001 |
32257 |
| 003 |
BD-DhAAL |
| 005 |
20180517110528.0 |
| 008 |
171024r19811953 000 0 eng |
| 999 |
|
|
|c 38440
|d 38440
|
| 010 |
|
|
|a 81000354
|
| 020 |
|
|
|a 9780060648763
|
| 040 |
|
|
|a DLC
|c DLC
|d DLC
|d BD-DhAAL
|
| 050 |
0 |
0 |
|a LB875.K74
|b E38 1981
|
| 082 |
0 |
0 |
|a 370
|2 19
|
| 100 |
1 |
|
|a Krishnamurti, J.
|q (Jiddu),
|d 1895-1986.
|9 22517
|
| 245 |
1 |
0 |
|a Education and the significance of life /
|c J. Krishnamurti.
|
| 250 |
|
|
|a 1st Harper & Row paperback edition.
|
| 260 |
|
|
|a New York :
|b HarperOne,
|c c1953 [1981]
|
| 300 |
|
|
|a 125 pages ;
|c 21 cm.
|
| 526 |
|
|
|a ESS
|
| 541 |
|
|
|e 32257
|a STS International
|
| 600 |
1 |
0 |
|a Krishnamurti, J.
|q (Jiddu),
|d 1895-1986.
|9 22517
|
| 650 |
|
0 |
|a Education.
|9 22518
|
| 852 |
|
|
|a Ayesha Abed Library
|c General Stacks
|
| 942 |
|
|
|2 ddc
|c BK
|
| 952 |
|
|
|0 0
|1 0
|2 ddc
|4 0
|6 370_000000000000000_KRI
|7 0
|9 61610
|a BRACUL
|b BRACUL
|c GEN
|d 2017-10-24
|e STS International
|g 1550.00
|l 0
|o 370 KRI
|p 3010032257
|r 2017-10-19
|t 1
|v 1550.00
|y BK
|